000 00353nam a2200133Ia 4500
008 220204s9999 xx 000 0 und d
082 _a632.51
_bRAO
100 _aRAO, V S
245 0 _aPrinciples of weed science: A reference cum textbook
260 _aNew Delhi
_bOxford & IBH
_c1983
650 _aWeed control
650 _aWeed science
942 _cBK
999 _c39825
_d39825